Estados do Brasil por Sigla - Statistics

Estatísticas Gerais
  • Esse quiz foi jogado 160 vezes
  • A pontuação média é 25 de 27
Respostas no mapa
Respostas codificadas por cores de uma escala verde-vermelha no mapa do quiz de acordo com a % correta abaixo.
 
Estatísticas das Respostas
Sigla Estado % Correto
RS Rio Grande do Sul
97%
AM Amazonas
96%
PA Pará
96%
SP São Paulo
96%
AC Acre
95%
PR Paraná
95%
MT Mato Grosso
94%
MA Maranhão
93%
MG Minas Gerais
93%
MS Mato Grosso do Sul
93%
RJ Rio de Janeiro
93%
SC Santa Catarina
93%
TO Tocantins
93%
BA Bahia
92%
RN Rio Grande do Norte
92%
DF Distrito Federal
91%
ES Espírito Santo
90%
GO Goiás
90%
PI Piauí
90%
RO Rondônia
90%
SE Sergipe
90%
AL Alagoas
89%
CE Ceará
88%
RR Roraima
88%
PB Paraíba
87%
PE Pernambuco
85%
AP Amapá
82%
Nenhum quiz correspondente encontrado
Distribuição das Pontuações
Porcentagem de Pessoas com Cada Pontuação
Percentil de Números Respondidos
Sua Pontuação Histórica
Você não jogou esse quiz